[Event "SC Weiler im Allgäu 1 - SC Böblingen 1"]
[Site "Oberliga Württemberg 2018/2019"]
[Date "2018.11.11"]
[Round "3"]
[White "Hasenohr, Benedict"]
[Black "Schuh, Karsten"]
[Result "0-1"]
[WhiteElo "2260"]
[BlackElo "2172"]
[Annotator ""]
[Source ""]
[Remark ""]

1.d4 f5 2.g3 Nf6 3.Bg2 g6 4.c4 Bg7 5.Nc3 O-O 6.Nh3 d6 7.d5 Nbd7
8.O-O Nc5 9.f4 e6 10.Nf2 exd5 11.cxd5 Re8 12.Re1 Nfe4 13.Nfxe4
Nxe4 14.Nxe4 fxe4 15.Qb3 Kh8 16.Be3 c5 17.Rac1 Qb6 18.Qa4 Bf5
19.Rc2 a6 20.Qa3 a5 21.h3 h5 22.b3 Qb4 23.Qc1 Qb5 24.Rc4 Qa6
25.g4 b5 26.gxf5 bxc4 27.fxg6 cxb3 28.axb3 Qc8 29.Kh2 Qf5 30.Rg1
Rf8 31.Bh1 Qxd5 32.Qb1 Rae8 33.Rd1 Qe6 34.Rg1 Kg8 35.Qe1 Rf6
36.Qg3 Qxb3 37.Rf1 Qe6 38.Qh4 Qf5 39.Rg1 Rxg6 40.Rg5 Rxg5 41.fxg5
Qf1 0-1

[Event "SC Weiler im Allgäu 1 - SC Böblingen 1"]
[Site "Oberliga Württemberg 2018/2019"]
[Date "2018.11.11"]
[Round "3"]
[White "Bauer, Peter"]
[Black "Wunder, Niklas"]
[Result "1/2-1/2"]
[WhiteElo "2132"]
[BlackElo "2076"]
[Annotator ""]
[Source ""]
[Remark ""]

1.e4 e5 2.Nf3 Nc6 3.g3 Nf6 4.d3 Bc5 5.Bg2 d6 6.O-O Nd4 7.Ne1
Bg4 8.Nf3 Qd7 9.Nbd2 h5 10.c3 Nxf3+ 11.Nxf3 h4 12.d4 Bb6 13.Qd3
hxg3 14.fxg3 O-O-O 15.Bg5 exd4 16.cxd4 Qa4 17.b3 Qa5 18.h4 Rde8
19.Nd2 d5 20.a3 dxe4 21.Nxe4 Nxe4 22.Bxe4 f6 23.b4 Qa6 24.b5
Qa4 25.Be3 Rd8 26.Rf4 Be6 27.Bg2 Bc4 28.Qe4 Qxb5 29.Qxb7+ Kd7
30.Re4 Be6 31.d5 Bxd5 32.Rd4 Ke6 33.Bxd5+ Rxd5 34.Re4+ Re5 35.Bxb6
Qxb6+ 36.Qxb6+ axb6 37.Rc4 c5 38.Rb1 Rb8 39.a4 Kd5 40.Rc2 Re3
41.Kf2 Ra3 42.Rb5 Rxa4 43.Rcxc5+ bxc5 44.Rxb8 Ra7 45.Rc8 Kd4
46.h5 c4 47.Rc6 c3 48.Ke2 Ra2+ 49.Kd1 Rh2 50.Rc7 Rxh5 51.Rxg7
Rg5 52.Rd7+ Ke3 53.Rc7 Rxg3 54.Rxc3+ Kf2 55.Rc2+ Kf1 56.Rc5 Rd3+
57.Kc2 Rf3 58.Kd2 f5 59.Re5 f4 60.Rf5 Rf2+ 61.Kd3 Kg2 62.Ke4
f3 63.Rg5+ Kf1 64.Ke3 Re2+ 1/2-1/2

[Event "SC Weiler im Allgäu 1 - SC Böblingen 1"]
[Site "Oberliga Württemberg 2018/2019"]
[Date "2018.11.11"]
[Round "3"]
[White "Srba, Milan"]
[Black "Schröter, Samuel"]
[Result "1-0"]
[WhiteElo "2177"]
[BlackElo "2121"]
[Annotator ""]
[Source ""]
[Remark ""]

1.e4 g6 2.d4 Bg7 3.Nc3 c5 4.Be3 Qa5 5.Qd2 cxd4 6.Bxd4 Bxd4 7.Qxd4
Nf6 8.Qd2 Nc6 9.Bc4 Qb4 10.Bd3 Qxb2 11.Rb1 Qa3 12.Nf3 a6 13.O-O
d6 14.Rfe1 O-O 15.Nd5 Kg7 16.c4 Rb8 17.Rb3 Qa5 18.Qb2 Ne5 19.Re3
Nxd5 20.cxd5 f6 21.Nd4 Bd7 22.h3 b5 23.f4 Nxd3 24.Rbxd3 Kg8 25.e5
fxe5 26.fxe5 Bf5 27.Nc6 Qc7 28.exd6 exd6 29.Re7 Qb6+ 30.Kh2 Rf7
31.Rde3 Rbf8 32.Rxf7 Rxf7 33.Re8+ Rf8 34.Rxf8+ Kxf8 35.Qf6+ 1-0

[Event "SC Weiler im Allgäu 1 - SC Böblingen 1"]
[Site "Oberliga Württemberg 2018/2019"]
[Date "2018.11.11"]
[Round "3"]
[White "Schuh, Bernd-Martin"]
[Black "Wunder, Fabian"]
[Result "1-0"]
[WhiteElo "2117"]
[BlackElo "2035"]
[Annotator ""]
[Source ""]
[Remark ""]

1.Nf3 d5 2.c4 d4 3.b4 f6 4.e3 dxe3 5.fxe3 e6 6.Qb3 Nh6 7.d4 a5
8.bxa5 Nc6 9.Bd2 Nxa5 10.Qc2 c5 11.Bd3 g6 12.Nc3 Nc6 13.Nb5 cxd4
14.exd4 Nb4 15.Bxg6+ hxg6 16.Qxg6+ Kd7 17.O-O Rg8 18.Qh5 Rh8
19.a3 Na6 20.Rae1 Qe8 21.Qh3 Ke7 22.d5 e5 23.Rxe5+ fxe5 24.Bg5+
Kf7 25.Qh5+ Kg7 26.Bxh6+ Rxh6 27.Qxe8 Bc5+ 28.Kh1 Rf6 29.Qxe5
Bd7 30.Nh4 Raf8 31.Qg5+ Kh7 32.Rxf6 Rxf6 33.Qxf6 1-0

[Event "SC Weiler im Allgäu 1 - SC Böblingen 1"]
[Site "Oberliga Württemberg 2018/2019"]
[Date "2018.11.11"]
[Round "3"]
[White "Hosticka, Frantisek"]
[Black "Schulte, Torsten"]
[Result "1-0"]
[WhiteElo "2047"]
[BlackElo "2042"]
[Annotator ""]
[Source ""]
[Remark ""]

1.e4 e5 2.Bc4 Nf6 3.d3 Nc6 4.Nf3 h6 5.c3 d6 6.Nbd2 g6 7.Bb3 Bg7
8.O-O O-O 9.Re1 d5 10.Ba4 dxe4 11.dxe4 Nh5 12.Nc4 Qe7 13.Ne3
Nd8 14.Bb3 c6 15.Nc4 Be6 16.Qd6 Qxd6 17.Nxd6 Bxb3 18.axb3 Nf6
19.Be3 a6 20.Nc4 Re8 21.g3 Nh5 22.b4 f6 23.Rad1 Re7 24.Nb6 Rb8
25.Bc5 1-0

[Event "TG Biberach 1 - SK Schmiden/Cannstatt 1"]
[Site "Oberliga Württemberg 2018/2019"]
[Date "2018.11.11"]
[Round "3"]
[White "Holzhäuer, Mathias"]
[Black "Sinz, Bernhard"]
[Result "1/2-1/2"]
[WhiteElo "2252"]
[BlackElo "2326"]
[Annotator ""]
[Source ""]
[Remark ""]

1.e4 c5 2.Nf3 Nc6 3.Bb5 d6 4.O-O Bd7 5.Re1 a6 6.Bf1 Bg4 7.c3
Nf6 8.a4 e6 9.h3 Bxf3 10.Qxf3 Be7 11.d3 O-O 12.Bf4 d5 13.e5 Nd7
14.Qg4 Kh8 15.Nd2 b5 16.Nf3 Qb6 17.axb5 axb5 18.Rab1 Ra4 19.Qg3 1/2-1/2

[Event "TG Biberach 1 - SK Schmiden/Cannstatt 1"]
[Site "Oberliga Württemberg 2018/2019"]
[Date "2018.11.11"]
[Round "3"]
[White "Fischer, André"]
[Black "Kabisch, Thilo"]
[Result "0-1"]
[WhiteElo "2236"]
[BlackElo "2291"]
[Annotator ""]
[Source ""]
[Remark ""]

1.e4 e6 2.d4 d5 3.Nc3 Nf6 4.e5 Nfd7 5.f4 c5 6.Nf3 Nc6 7.Ne2 f6
8.c3 Be7 9.a3 O-O 10.b4 fxe5 11.fxe5 cxd4 12.cxd4 Nb6 13.Qd3
Bd7 14.Nf4 Rc8 15.Bd2 Nc4 16.h4 Nxa3 17.Ng5 g6 18.Nxh7 Rf5 19.Qxa3
Rxf4 20.Nf6+ Rxf6 21.exf6 Bxf6 22.Qg3 Be8 23.Bd3 Qc7 24.Qxc7
Rxc7 25.b5 Nxd4 26.b6 Rc8 27.bxa7 Nc2+ 28.Bxc2 Bxa1 29.Bd3 Bd4
30.Ke2 Bxa7 31.Rb1 Rc7 32.Ra1 b5 33.Ra6 Kf7 34.Bf4 Rb7 35.Bd6
Bd4 36.Bb4 Bf6 37.g3 Bd7 38.Ra8 e5 39.Ra6 Bg4+ 40.Kd2 e4 41.Bc2
Rd7 42.Bb3 Be5 43.Bc3 e3+ 44.Kc2 Bf5+ 45.Kb2 e2 46.Ra1 Bxg3 47.Be1
Be5+ 48.Bc3 Kf6 49.Bxe5+ Kxe5 50.Re1 Bg4 51.Kc3 Kf4 52.Kd2 Kg3
53.Bc2 Rd6 54.Bd3 Ra6 55.Bxb5 Ra2+ 56.Ke3 Ra3+ 57.Kd2 Kf2 58.Bxe2
Ra2+ 0-1

[Event "TG Biberach 1 - SK Schmiden/Cannstatt 1"]
[Site "Oberliga Württemberg 2018/2019"]
[Date "2018.11.11"]
[Round "3"]
[White "Trachtmann, Mark"]
[Black "Weiß, Oliver"]
[Result "1/2-1/2"]
[WhiteElo "2253"]
[BlackElo "2248"]
[Annotator ""]
[Source ""]
[Remark ""]

1.g3 d5 2.Bg2 Nf6 3.d3 e6 4.Nc3 Be7 5.e4 dxe4 6.dxe4 Qxd1+ 7.Nxd1
Nc6 8.Ne2 Bd7 9.O-O O-O-O 10.Ne3 Bc5 11.a3 Ne5 12.b4 Bb6 13.Re1
{(=)} Bc6 14.f3 Nc4 15.Nf4 Ba4 16.Ra2 Rd7 17.Bf1 Nd2 18.Kg2 Nxf1
19.Nxf1 Rhd8 20.e5 Nd5 21.Nxd5 Rxd5 22.c4 Bb3 23.cxd5 Bxa2 24.dxe6
fxe6 25.Be3 Rd3 26.Bxb6 axb6 27.Re3 Rd1 28.Rc3 Bd5 29.g4 Ra1
30.Ne3 Bc6 1/2-1/2

[Event "TG Biberach 1 - SK Schmiden/Cannstatt 1"]
[Site "Oberliga Württemberg 2018/2019"]
[Date "2018.11.11"]
[Round "3"]
[White "Mack, Wolfgang"]
[Black "Krockenberger, Martin"]
[Result "1/2-1/2"]
[WhiteElo "2183"]
[BlackElo "2179"]
[Annotator ""]
[Source ""]
[Remark ""]

1.g3 e5 2.c4 Nf6 3.Bg2 c6 4.d4 Bb4+ 5.Bd2 Bxd2+ 6.Qxd2 d6 7.Nc3
O-O 8.Nf3 e4 9.Ng5 d5 10.e3 Na6 11.cxd5 cxd5 12.O-O h6 13.Nh3
g5 14.Rfc1 Nc7 15.Qc2 Bxh3 16.Bxh3 g4 17.Bf1 Ne6 18.h4 gxh3 19.Bxh3
Ng5 20.Bg2 Qd7 21.Ne2 Rac8 22.Qd1 Rxc1 23.Rxc1 Rc8 {(=)} 24.Nf4
Kg7 25.Rc5 b6 26.Rc2 Rxc2 27.Qxc2 Qb5 28.Qc7 Qxb2 29.Qe5 Qc1+
30.Kh2 Qd1 31.Nxd5 Qh5+ 32.Kg1 Qd1+ 1/2-1/2

[Event "TG Biberach 1 - SK Schmiden/Cannstatt 1"]
[Site "Oberliga Württemberg 2018/2019"]
[Date "2018.11.11"]
[Round "3"]
[White "Eisele, Steffen"]
[Black "Oberst, Thomas"]
[Result "0-1"]
[WhiteElo "2235"]
[BlackElo "2208"]
[Annotator ""]
[Source ""]
[Remark ""]

1.e4 c5 2.b4 cxb4 3.a3 bxa3 4.Bxa3 d6 5.d4 Nf6 6.Nd2 g6 7.Be2
Bg7 8.h4 h5 9.Nh3 Nc6 10.c3 Bxh3 11.Rxh3 a6 12.Bd3 O-O 13.f4
Ng4 14.Rb1 b5 15.Rg3 e5 16.dxe5 Qxh4 17.Qf3 b4 18.Bxb4 Nxb4 19.Rxb4
dxe5 20.f5 Bh6 21.Ke2 Bf4 22.Rh3 Qe7 23.Bc4 Kg7 24.Rh1 a5 25.Rb2
Rfb8 26.Rhb1 Rxb2 27.Rxb2 a4 28.Bd5 Ra7 29.g3 a3 30.Ra2 Be3 31.Nc4
Bc5 32.Kd3 Qg5 33.Kc2 gxf5 34.exf5 Kf6 35.Bxf7 Rxf7 36.Qc6+ Kg7
37.Qxc5 Qxf5+ 38.Kb3 Qb1+ 39.Kxa3 Rb7 40.Nd2 Qd3 41.Nb3 Qxg3
42.Rd2 Qe3 43.Qd5 Qb6 44.Kb2 Kh6 45.Qg8 Rb8 46.Qf7 Qf6 47.Qc7
Rb6 48.Qc4 Qe6 49.Qxe6+ Rxe6 50.Nc5 Rb6+ 51.Kc2 h4 52.Rd3 Kg5
53.Rf3 Rh6 54.Ne4+ Kg6 55.Rh3 Kf5 56.Kd3 Rh8 57.Rf3+ Kg6 58.Nf2
Nxf2+ 59.Rxf2 h3 60.Rh2 Kf5 61.Ke3 Kg4 62.Kf2 Rc8 63.Rh1 Rxc3
64.Ra1 Kf4 65.Ra4+ e4 66.Ra8 Rc2+ 67.Kg1 e3 68.Rf8+ Kg3 69.Rg8+
Kf3 70.Rf8+ Ke2 71.Kh2 Kd1+ 0-1

[Event "TG Biberach 1 - SK Schmiden/Cannstatt 1"]
[Site "Oberliga Württemberg 2018/2019"]
[Date "2018.11.11"]
[Round "3"]
[White "Birkenmaier, Rainer"]
[Black "Löhr, Markus"]
[Result "1/2-1/2"]
[WhiteElo "2041"]
[BlackElo "2125"]
[Annotator ""]
[Source ""]
[Remark ""]

1.d4 Nf6 2.Nf3 g6 3.Bg5 Bg7 4.Nbd2 d5 5.e3 O-O 6.Bd3 c5 7.c3
Qb6 8.Qb3 Nc6 9.O-O c4 10.Qxb6 axb6 11.Bc2 Bf5 12.Bxf6 Bxf6 13.e4
dxe4 14.Bxe4 b5 15.a3 Rfd8 16.Rfe1 Rd7 1/2-1/2

[Event "TG Biberach 1 - SK Schmiden/Cannstatt 1"]
[Site "Oberliga Württemberg 2018/2019"]
[Date "2018.11.11"]
[Round "3"]
[White "Scheeff, Volker"]
[Black "Namyslo, Holger"]
[Result "0-1"]
[WhiteElo "2114"]
[BlackElo "2214"]
[Annotator ""]
[Source ""]
[Remark ""]

1.e4 e6 2.d4 d5 3.Nc3 Bb4 4.e5 c5 5.a3 Bxc3+ 6.bxc3 Ne7 7.Qg4
Qc7 8.Bd3 c4 9.Be2 Nf5 10.Nh3 Nc6 11.O-O Bd7 12.Nf4 O-O-O 13.Nh5
Qa5 14.Qh3 Rdg8 15.Rd1 Be8 16.Bg4 Bd7 17.Bd2 Nce7 18.Be2 Ng6
19.g4 Nfe7 20.f4 Ba4 21.f5 Bxc2 22.Rf1 Nf8 23.fxe6 fxe6 24.Rf7
Nc6 25.Qe3 Bg6 26.Rf2 Qd8 27.Raf1 Qe7 28.a4 Nd7 29.Qg5 Qxg5 30.Bxg5
h6 31.Bc1 Be8 32.Nf4 Nd8 33.Ba3 Nb6 34.Be7 Nxa4 35.Bxd8 Kxd8
36.Nxe6+ Ke7 37.Nf4 Nxc3 38.Bf3 Rf8 39.Nxd5+ Nxd5 40.Bxd5 Rxf2
41.Rxf2 Rf8 42.Bxb7 Rxf2 43.Kxf2 Bd7 44.Ke3 Bxg4 45.d5 Kd7 46.Kd4
Be2 47.d6 g5 48.Bd5 h5 49.Bxc4 Bxc4 50.Kxc4 Kc6 51.Kd4 a5 0-1

[Event "TG Biberach 1 - SK Schmiden/Cannstatt 1"]
[Site "Oberliga Württemberg 2018/2019"]
[Date "2018.11.11"]
[Round "3"]
[White "Schulze, Andreas"]
[Black "Aidam-Reinisch, Günther"]
[Result "1/2-1/2"]
[WhiteElo "2121"]
[BlackElo "1724"]
[Annotator ""]
[Source ""]
[Remark ""]

1.e4 c5 2.Nf3 d6 3.Bb5+ Nc6 4.O-O Bd7 5.a4 a6 6.Bc4 e6 7.c3 Nf6
8.Qe2 Qc7 9.d3 Be7 10.h3 O-O 11.Bf4 Na5 12.Ba2 b5 13.axb5 axb5
14.Nbd2 Nc6 15.Bb3 Qb7 16.d4 Rxa1 17.Rxa1 c4 18.Bc2 Ra8 19.Qe1
Rxa1 20.Qxa1 d5 21.Qb1 h6 22.exd5 exd5 23.Nf1 b4 24.Qe1 bxc3
25.bxc3 Be6 26.Qa1 Nd7 27.Ne3 Nb6 28.Qb2 Qa6 29.Bb1 Na4 30.Qc2
Bf6 31.g4 Qb5 32.Nd2 Na5 33.Nd1 Nb3 34.Qh7+ Kf8 35.Bc2 Ke7 36.Qg8
Nxd2 37.Bxd2 Nb2 38.Ne3 Nd3 39.Qa8 Qb2 40.Qa7+ Kd6 41.Bxd3 Qxd2
42.Bf5 Qxc3 43.Qc5+ Kd7 44.Qxd5+ Ke7 45.Qc5+ Ke8 46.Qc6+ Ke7
47.d5 Bxf5 48.Nxf5+ Kd8 49.d6 Qa1+ 50.Kg2 Qa7 51.Qxc4 Qb7+ 52.Kf1
Qb1+ 53.Ke2 Qb7 54.Qd3 Bg5 55.Nd4 Qb2+ 56.Kf3 Qb7+ 57.Kg3 Bf6
58.Nb5 Qc6 59.h4 g6 60.f4 Qc5 61.g5 hxg5 62.hxg5 Bg7 63.Na3 Kd7
64.Nc4 Qg1+ 65.Kf3 Qh1+ 66.Ke2 Qh2+ 67.Kf3 Qh3+ 68.Ke2 Qh2+ 69.Kf3 1/2-1/2